00345nam a22000977a 4500008004100000082001500041100004000056245006700096260007600163300000800239230703b xxu||||| |||| 00| 0 eng d a352.6bCPA cCommon Wealth Members of Parliament aPayments and Privileges of Common Wealth Members of Parliament aLondonbGeneral Council of the Common Wealth Parliamentary Association  a57p